Statistics for British Cities: Hearts of Iron 4

Click here to take the quiz!

General Stats

  • This quiz has been taken 46 times
  • The average score is 41 of 90

Answer Stats

StateVictory PointsCity% Correct
Greater London Area50London
95%
Cairo20Cairo
86%
Malta5Valletta
86%
Gibraltar10Gibraltar
83%
Alexandria10Alexandria
81%
Northern Ireland5Belfast
81%
Jordan1Ma'an
81%
West Midlands25Birmingham
79%
Lancashire30Liverpool
79%
Lothian10Edinburgh
76%
Lancashire5Manchester
76%
Wales5Cardiff
74%
Hong Kong3Hong Kong
74%
Palestine1Jerusalem
74%
Aberdeenshire5Aberdeen
69%
Lanark15Glasgow
69%
Kuwait1Kuwait City
64%
Cyprus5Nicosia
64%
South-West England10Plymouth
64%
Sussex20Dover
62%
Yorkshire5Hull
62%
Kenya2Nairobi
62%
Wales3Swansea
62%
Palestine1Tel Aviv
62%
Abu Dhabi1Abu Dhabi
60%
Northern England10Newcastle
60%
Khartoum3Khartoum
57%
Yorkshire10Leeds
57%
Northern Ireland1Londonderry
57%
Yorkshire15Sheffield
57%
Jamaica1Kingston
55%
Aden1Aden
52%
Nigeria1Lagos
52%
Ghana1Accra
50%
Jordan1Amman
50%
Gloucestershire5Bristol
50%
East Anglia5Norwich
50%
Sussex15Portsmouth
50%
Cairo3Suez
50%
Aswan1Aswan
48%
British Honduras1Belize City
48%
Qatar1Doha
48%
Cairo5Giza
48%
Scottish Highlands1Inverness
48%
Maldives1Malé
48%
Tanganyika1Dar es Salaam
45%
Aberdeenshire1Dundee
45%
East Midlands10Nottingham
45%
Sierra Leone1Freetown
43%
East Midlands3Leicester
43%
Northern Bahamas1Nassau
43%
Trinidad1Port of Spain
43%
Cairo5Port Said
43%
Alexandria1El-Alamein
40%
Uganda1Kampala
40%
Kenya1Mombasa
40%
British Guyana1Georgetown
38%
Zambia1Lusaka
38%
Northern England1Cockermouth
36%
Bechuanaland1Gaborone
36%
Khartoum1Port Sudan
36%
Gambia1Banjul
33%
Malawi1Lilongwe
33%
Aswan3Luxor
33%
Wales1Wrexham
33%
Fiji1Suva
31%
Cyprus3Limassol
29%
Scottish Highlands1Scapa Flow
29%
British Somaliland1Hargeisa
26%
Nauru1Nauru
26%
Sudan1Juba
24%
Scottish Highlands1Scottish Highlands
24%
South-West England1Truro
24%
Northern England1Douglas
21%
Bermuda1Hamilton
21%
Matrouh1Marsa Matruh
21%
Rhodesia1Salisbury
21%
Sinai1Sharm el-Sheikh
19%
Scottish Highlands1Stornoway
19%
British Somaliland1Berbera
17%
Lanark1Dumfries
14%
Gilbert Islands1Tarawa
14%
Ceylon3Trincomalee
12%
Aswan1Asyut
10%
Cairo3Beni Suef
10%
Windward Islands1Bridgeport
10%
Eastern Desert1Hurghada
10%
Palestine1An-Nāsira
7%
Sinai3El-Arīsh
5%
Lothian1Rosynth
5%

Score Distribution

Percentile by Number Answered

Percent of People with Each Score

Your Score History

You have not taken this quiz